| 000 | 00000nam##2200000za#4500 |
| 001 | 9.695388 |
| 003 | CaOODSP |
| 005 | 20210624234543 |
| 007 | cr ||||||||||| |
| 008 | 150407|1989||||xxc|||||o f|0| 0 eng|d |
| 040 | |aCaOODSP|beng |
| 043 | |an-cn--- |
| 086 | 1 |aH46-2/90-156E-PDF |
| 110 | 1 |aCanada.|bHealth Canada. |bHealth Protection Branch. |
| 245 | 10|aExposure guidelines for residential indoor air quality : |h[electronic resource]|ba report of the Federal-Provincial Advisory Committee on Environmental and Occupational Health |
| 250 | |aRevised |
| 260 | |aOttawa - Ontario : |bHealth Canada. |cJuly 1989, c1995. |
| 300 | |a28p.|bglossary, tables |
| 500 | |a"April 1987 (Revised July 1989)"--p.2 of 28. The catalogue number (H46-2/90-156E) and ISBN (0-662-17882-3) for the print edition have been incorrectly copied in this electronic publication. |
| 590 | |a12-12-Supp|b2012-03-28 |
| 690 | 07|aAir quality|2gcpds |
| 775 | 08|tDirectives d'exposition concernant la qualité de l'air des résidences : |w(CaOODSP)9.639527 |
| 856 | 40|ahttp://publications.gc.ca|qPDF|s156 KB|uhttps://publications.gc.ca/collections/Collection/H46-2-90-156E.pdf |
| 986 | |aEHD-TR-156 |